¿Qué queda de los acuerdos de paz? /
Gardado en:
| Autor Principal: | |
|---|---|
| Formato: | Texto |
| Materias: | |
| Etiquetas: |
Engadir etiqueta
Sen Etiquetas, Sexa o primeiro en etiquetar este rexistro!
|
MARC
| LEADER | 00000 a a2200000 04500 | ||
|---|---|---|---|
| 001 | 45495 | ||
| 003 | |||
| 040 | |a CRAI/IIS |c CRAI/IIS | ||
| 090 | |a REV0780 (38)2000 | ||
| 100 | |a Aragón González, Jorge | ||
| 245 | |a ¿Qué queda de los acuerdos de paz? / |c Jorge Aragón González | ||
| 650 | |a PAZ | ||
| 650 | |a MANTENIMIENTO DE LA PAZ | ||
| 650 | |a DEMOCRATIZACION | ||
| 773 | |g número38, V Epoca (2000), páginas 91-99 | ||
| 999 | |c 18188 |d 18188 | ||
